000 00578nam a2200181 i 4500
001 47543
003 ES-MaACL
005 20230906161603.0
007 t|
008 030505s1926 sp ||||1| spa d
080 _a821.134.2-82"19"
100 1 _aHoyos y Vinent, Antonio de,
_dca. 1885-1940
_964441
245 1 0 _aAromas de nardo indiano que mata y de ovonia que enloquece /
_cAntonio de Hoyos y Vinent.
260 _aMadrid :
_bLibrería y Editorial Madrid,
_c[1926 ?]
300 _a214 p. ;
_c18 cm.
852 _aES-MaACL
_jA-2099
_bR.132305
999 _c47543
_d47543